| 000 | 01448cam a2200397 a 4500 | ||
|---|---|---|---|
| 001 | 14972299 | ||
| 003 | OSt | ||
| 005 | 20230619110034.0 | ||
| 008 | 070820s2006 enk bd 000 0 eng c | ||
| 010 | _a 2007310514 | ||
| 015 |
_aGBA594694 _2bnb |
||
| 016 | 7 |
_a013332186 _2Uk |
|
| 020 | _a0141013753 (pbk.) | ||
| 020 | _a9780141013756 (pbk.) | ||
| 035 | _a(OCoLC)ocm62265122 | ||
| 040 |
_aUKM _cUKM _dBWKUK _dBAKER _dVP@ _dOCLCQ _dYDXCP _dDAY _dBTCTA _dDLC |
||
| 050 | 0 | 0 |
_aHM425 _b.A23 2006 |
| 082 | 0 | 0 |
_a301/.03 _222 _bABE |
| 100 | 1 | _aAbercrombie, Nicholas. | |
| 245 | 1 | 4 |
_aThe Penguin dictionary of sociology / _cNicholas Abercrombie, Stephen Hill, Bryan S. Turner. |
| 246 | 3 | 0 | _aDictionary of sociology |
| 246 | 3 | 0 | _aSociology |
| 250 | _a5th ed. | ||
| 260 |
_aLondon ; _aNew York : _bPenguin, _c2006. |
||
| 300 |
_axi, 484 p. ; _c20 cm. |
||
| 500 | _aPrevious ed.: 2000. | ||
| 504 | _aIncludes bibliographical references (p. [439]-484). | ||
| 650 | 0 |
_aSociology _vDictionaries. |
|
| 700 | 1 |
_aHill, Stephen, _d1946- |
|
| 700 | 1 | _aTurner, Bryan S. | |
| 856 | 4 | 2 |
_3Publisher description _uhttp://www.loc.gov/catdir/enhancements/fy0742/2007310514-d.html |
| 856 | 4 | 2 |
_3Contributor biographical information _uhttp://www.loc.gov/catdir/enhancements/fy0742/2007310514-b.html |
| 906 |
_a7 _bcbc _cpccadap _d2 _encip _f20 _gy-gencatlg |
||
| 942 |
_2ddc _cBK |
||
| 999 |
_c1229 _d1229 |
||